The 1970s (Record no. 128685)
[ view plain ]
| 000 -LEADER | |
|---|---|
| fixed length control field | 03119nam a2200469 a 4500 |
| 082 04 - DEWEY DECIMAL CLASSIFICATION NUMBER | |
| Classification number | 909.82/7 |
| 100 1# - MAIN ENTRY--AUTHOR NAME | |
| Personal name | Borstelmann, Thomas. |
| 245 14 - TITLE STATEMENT | |
| Title | The 1970s |
| 260 ## - PUBLICATION, DISTRIBUTION, ETC. (IMPRINT) | |
| Place of publication | Princton, N.J. : |
| Name of publisher | Princeton University Press, |
| Year of publication | c2012. |
| 300 ## - PHYSICAL DESCRIPTION | |
| Number of Pages | xiv, 401 p. : |
| Other physical details | ill. |
| 490 1# - SERIES STATEMENT | |
| Series statement | America in the world |
| 505 0# - FORMATTED CONTENTS NOTE | |
| Formatted contents note | Crosscurrents of crisis in 1970s America : trouble abroad, corruption at home, conservatism and the distrust of government, economic insecurity, turning inward -- The rising tide of equality and democratic reform : women in the public sphere, women in the private sphere, the many frontiers of equality, political reform, resistance -- The spread of market values : a sea change of principles, the economy goes south, globalization's gathering speed, from citizenship to deregulation, market solutions for every problem, a freer market, a coarser culture -- The retreat of empires and the global advance of the market : the emergence of human rights, European empires and Southern Africa, the Soviet Empire, the American empire, the Israeli exception, the retreat of the state, China and the hollowing out of socialism -- Resistance to the new hyper-individualism : the environmentalist challenge, religious resurgence at home, religious resurgence in Israel, religious resurgence in the Muslim world, Jimmy Carter as a man of his times -- More and less equal since the 1970s : evidence to the contrary, inclusiveness ascending, markets persisting, unrestrained consumption, inequality rising. |
| 650 #0 - SUBJECT ADDED ENTRY--TOPICAL TERM | |
| Topical Term | Equality |
| Topical Term | Nineteen seventies. |
| 856 40 - ELECTRONIC LOCATION AND ACCESS | |
| Uniform Resource Identifier | http://site.ebrary.com/lib/rucke/Doc?id=10496630 |
No items available.
